[Event "Titled Tue 26th Aug Early"]
[Site "chess.com INT"]
[Date "2025.08.26"]
[Round "1"]
[White "Alcazar Jimenez, Jesus Alberto"]
[Black "Kalyani Sirin"]
[Result "1-0"]
[WhiteTitle "FM"]
[BlackTitle "WFM"]
[WhiteElo "2172"]
[BlackElo "2162"]
[WhiteFideId "2209756"]
[BlackFideId "33323500"]
[EventDate "2025.08.26"]

1. e4 c5 2. Nf3 d6 3. c3 Nf6 4. h3 Nc6 5. Bd3 g6 6. O-O Bg7 7. Bc2 O-O 8. d4
cxd4 9. cxd4 Nb4 10. Nc3 Nxc2 11. Qxc2 Bd7 12. e5 Ne8 13. Bf4 Rc8 14. Qb3 dxe5
15. dxe5 Bc6 16. Rfd1 Qa5 17. Nd5 Bxd5 18. Rxd5 Qa6 19. Rd7 Rc7 20. Rad1 Qc6 21.
e6 Rxd7 22. exd7 Nd6 23. Ne5 Bxe5 24. Bxe5 Qxd7 25. Qd5 Rd8 26. Bc3 Qf5 27. Qd4
f6 28. Qxa7 Rd7 29. Qa4 b5 30. Qb3+ Kg7 31. Bb4 Qe5 32. Bxd6 Rxd6 33. Rxd6 exd6
34. a4 bxa4 35. Qxa4 d5 36. Qd7+ Kh6 37. b4 d4 38. b5 Qc5 39. Kh2 Qe5+ 40. g3
Qc5 41. Kg2 Qc4 42. Qc6 Qe2 43. b6 d3 44. b7 Qe5 45. Qc1+ g5 46. Qd2 Qd5+ 47. f3
Qxb7 48. Qxd3 Qb2+ 49. Kg1 Qe5 50. Kg2 Qb2+ 51. Kf1 Qe5 52. Kf2 Qb2+ 53. Qe2
Qd4+ 54. Kg2 Kg7 55. Qf2 Qxf2+ 56. Kxf2 Kf7 57. Ke3 Ke6 58. Ke4 f5+ 59. Ke3 h5
60. f4 g4 61. h4 1-0

[Event "Titled Tue 26th Aug Early"]
[Site "chess.com INT"]
[Date "2025.08.26"]
[Round "1"]
[White "Perossa, Nicolas"]
[Black "Mohylnyi, Stepan"]
[Result "1-0"]
[WhiteTitle "FM"]
[BlackTitle "FM"]
[WhiteElo "2284"]
[BlackElo "2275"]
[WhiteFideId "2850520"]
[BlackFideId "34127836"]
[EventDate "2025.08.26"]

1. d3 Nf6 2. Nf3 g6 3. g3 Bg7 4. Bg2 O-O 5. O-O d5 6. Nc3 c5 7. e4 d4 8. Nb1 Nc6
9. a4 e5 10. Na3 Bg4 11. h3 Bxf3 12. Qxf3 a6 13. Bd2 Ne8 14. Nc4 Nd6 15. a5 Nxc4
16. dxc4 f5 17. Qb3 Qc7 18. f4 Bh6 19. Qa3 fxe4 20. Bxe4 exf4 21. Qxc5 Rae8 22.
Bd5+ Kh8 23. Rae1 Rxe1 24. Rxe1 f3 25. Kh2 Bg7 26. Rf1 f2 27. Bxc6 bxc6 28. Kg2
Qf7 29. Bf4 Qf5 30. Qxf5 Rxf5 31. Rxf2 Rxa5 32. Bd6 Ra2 33. b3 a5 34. Kf3 a4 35.
bxa4 Rxa4 36. Re2 Bf6 37. Re6 Kg7 38. Be7 Bxe7 39. Rxe7+ Kf6 40. Rxh7 Rxc4 41.
Rd7 c5 42. Rd6+ Kf7 43. Rd7+ Ke6 44. Rg7 Rxc2 45. Rxg6+ Kf5 46. Rc6 Rc3+ 47. Kf2
c4 48. g4+ Ke4 49. g5 Rxh3 50. g6 Kd3 51. g7 Rh2+ 52. Kg1 Re2 53. g8=Q c3 54.
Qg6+ Kd2 55. Qg5+ Re3 56. Qf4 d3 57. Rxc3 Kxc3 58. Qxe3 Kc2 59. Qc5+ Kd1 60. Kf2
d2 61. Qh5+ Kc2 62. Qe2 Kc1 63. Qc4+ Kd1 64. Ke3 Ke1 65. Qe2# 1-0

[Event "Titled Tue 26th Aug Early"]
[Site "chess.com INT"]
[Date "2025.08.26"]
[Round "1"]
[White "Zampronha, Wladimir Camilo"]
[Black "Perez Gormaz, Matias"]
[Result "0-1"]
[BlackTitle "IM"]
[WhiteElo "2157"]
[BlackElo "2381"]
[WhiteFideId "2103087"]
[BlackFideId "3406342"]
[EventDate "2025.08.26"]

1. e4 c6 2. d4 d5 3. exd5 cxd5 4. c4 Nf6 5. Nc3 g6 6. Nf3 Bg7 7. Qb3 dxc4 8.
Bxc4 O-O 9. O-O Nc6 10. Be2 Nxd4 11. Nxd4 Qxd4 12. Be3 Qh4 13. Rfd1 Ng4 14. Bxg4
Bxg4 15. Rd2 Be5 16. f4 Be6 17. Qxb7 Bxf4 18. Bxf4 Qxf4 19. Rf2 Qg5 20. Re1 Rfb8
21. Qc7 Rc8 22. Qb7 Qc5 23. Ne4 Qc7 24. Qxc7 Rxc7 25. b3 Bd5 26. Rfe2 Rac8 27.
Ng5 e6 28. Nh3 Rc1 29. Nf4 Rxe1+ 30. Rxe1 Bb7 31. Kf2 Kg7 32. g3 g5 33. Nh3 h6
34. Re2 Rc1 35. Ng1 Kf6 36. Rd2 Ra1 37. Ne2 Rh1 38. Rd7 Bc6 39. Rxa7 Rxh2+ 40.
Ke3 Bb5 41. Nc3 Bf1 42. b4 Rc2 43. Ne4+ Kg6 44. a4 Rb2 45. b5 Bxb5 46. axb5 Rxb5
47. Ra3 h5 48. Nf2 Rb1 49. Rd3 Re1+ 50. Kf3 Ra1 51. Kg2 Ra4 52. Rc3 f6 53. Rb3
e5 54. Rc3 h4 55. gxh4 Rxh4 56. Rb3 Rd4 57. Ra3 g4 58. Rb3 f5 59. Rb8 Kg5 60.
Rb5 Kf4 61. Rb2 Kg5 62. Rb8 Rd2 63. Rb3 e4 64. Kg1 Kf4 65. Ra3 Rb2 66. Rc3 Ra2
67. Rb3 g3 68. Nh3+ Kg4 69. Rb5 Kxh3 70. Ra5 Rxa5 0-1

[Event "Titled Tue 26th Aug Early"]
[Site "chess.com INT"]
[Date "2025.08.26"]
[Round "1"]
[White "Pliukha, Myhajlo"]
[Black "Smietanska, Wiktoria"]
[Result "0-1"]
[BlackTitle "CM"]
[WhiteElo "2209"]
[BlackElo "2237"]
[WhiteFideId "14164698"]
[BlackFideId "21869359"]
[EventDate "2025.08.26"]

1. e4 c5 2. d4 cxd4 3. Qxd4 Nc6 4. Qd3 Nf6 5. Nc3 g6 6. Nf3 Bg7 7. Be2 O-O 8.
O-O d6 9. Nd5 Nxd5 10. exd5 Ne5 11. Nxe5 Bxe5 12. Re1 Bf5 13. Qd1 Rc8 14. c3 Bg7
15. Be3 a6 16. a4 Qa5 17. Qb3 Qc7 18. Bb6 Qd7 19. Qb4 e5 20. g4 Bc2 21. Rec1 f5
22. Rxc2 e4 23. Bd4 Rce8 24. Bxg7 Kxg7 25. Qd4+ Re5 26. f4 exf3 27. Bxf3 fxg4
28. Bxg4 Qe7 29. Re1 Rf4 30. Qxf4 Rxe1+ 31. Kg2 Re4 32. Qf3 h5 33. Be6 Qg5+ 34.
Qg3 Qe7 35. Rf2 h4 36. Qf3 Qg5+ 37. Kh3 Re3 38. a5 Kh6 39. b4 Rxf3+ 40. Rxf3 Qd2
41. Kxh4 Qxh2+ 42. Kg4 Qe5 43. Rh3+ Kg7 44. Rf3 Qe4+ 45. Kg3 g5 46. Rf7+ Kg6 47.
Rxb7 Qe5+ 48. Kg4 Qxc3 49. Rb6 Qc4+ 50. Kf3 Kf6 51. Ke3 Ke5 52. Kf3 Qc3+ 53. Kg4
Kf6 54. Rxd6 Qe5 55. Rb6 Qd4+ 56. Kf3 Ke5 57. Kg3 Qe3+ 58. Kg2 Qf4 59. Bd7 Kxd5
60. Bc6+ Ke5 61. Bf3 Qd2+ 62. Kg3 Qe1+ 63. Kg2 Kf4 64. Rf6+ Ke5 65. Rxa6 Qxb4
66. Ra8 Kf4 67. a6 Qb2+ 68. Kf1 Kxf3 69. Rf8+ Kg3 70. a7 Qc1+ 71. Ke2 Qb2+ 72.
Kd3 Qb5+ 73. Ke4 Qb4+ 74. Ke5 Qxf8 75. Kd5 Qa8+ 76. Kc5 Qxa7+ 77. Kd5 Qf7+ 78.
Ke5 Kf3 0-1

[Event "Titled Tue 26th Aug Early"]
[Site "chess.com INT"]
[Date "2025.08.26"]
[Round "1"]
[White "Brancaleoni, Maurizio"]
[Black "Kona, Vidip"]
[Result "1-0"]
[WhiteTitle "FM"]
[WhiteElo "2185"]
[BlackElo "2145"]
[WhiteFideId "803022"]
[BlackFideId "30990440"]
[EventDate "2025.08.26"]

1. Nf3 Nf6 2. c4 e6 3. b3 d5 4. Bb2 Be7 5. g3 O-O 6. Bg2 Nbd7 7. O-O Re8 8. Nc3
c6 9. d4 b6 10. Qc2 Ba6 11. Nd2 Rc8 12. e4 dxe4 13. Ndxe4 Nxe4 14. Nxe4 Nf6 15.
Rad1 Qc7 16. Rfe1 Red8 17. Ng5 h6 18. Nf3 c5 19. Ne5 Bb7 20. Qe2 cxd4 21. Bxd4
Bxg2 22. Kxg2 Bb4 23. Rf1 Rd6 24. Nf3 Qc6 25. Bxf6 gxf6 26. Rxd6 Qxd6 27. Rd1
Qc6 28. Kh3 Rc7 29. Nd4 Qc5 30. Nb5 Re7 31. Rd8+ Kh7 32. Qg4 Qg5 33. f4 Qxg4+
34. Kxg4 Bc5 35. Nc3 f5+ 36. Kf3 f6 37. Na4 Bg1 38. Rd1 Bc5 39. Nxc5 bxc5 40.
Rd6 e5 41. Rxf6 exf4 42. gxf4 Rd7 43. Rxf5 Rd2 44. Kg3 Rxa2 45. Rxc5 Ra3 46. Rb5
Kg6 47. h4 Kf6 48. h5 Ke6 49. Kg4 Kd6 50. b4 Kc6 51. Rf5 Rb3 52. b5+ Kb6 53.
Rf6+ Kc5 54. Rc6+ Kd4 55. f5 Rb1 56. f6 Rf1 57. c5 Kd5 58. Rc7 Rxf6 59. Rxa7
Kxc5 60. Ra6 Rf1 61. Rxh6 Kxb5 62. Rd6 Kc5 63. Rd2 Rg1+ 64. Kf5 Rf1+ 65. Kg6
Rg1+ 66. Kh7 Rg5 67. h6 Rg4 68. Kh8 Rg6 69. h7 Rg3 70. Rd7 Kc6 71. Rg7 Re3 72.
Kg8 Re8+ 73. Kf7 1-0

[Event "Titled Tue 26th Aug Early"]
[Site "chess.com INT"]
[Date "2025.08.26"]
[Round "1"]
[White "Kosakowski, Jakub"]
[Black "Gibala, Adam"]
[Result "1/2-1/2"]
[WhiteTitle "GM"]
[BlackTitle "FM"]
[WhiteElo "2542"]
[BlackElo "2300"]
[WhiteFideId "1185080"]
[BlackFideId "21070288"]
[EventDate "2025.08.26"]

1. e4 e6 2. d4 d5 3. Bd3 dxe4 4. Bxe4 Nf6 5. Bf3 c5 6. Ne2 e5 7. dxe5 Qxd1+ 8.
Kxd1 Ng4 9. Bxg4 Bxg4 10. f3 Bf5 11. Ng3 Bg6 12. f4 h5 13. f5 Bh7 14. Bg5 Nc6
15. Re1 Be7 16. Bxe7 Kxe7 17. Nd2 Rad8 18. c3 h4 19. Ne4 Bxf5 20. Nd6 Bg4+ 21.
Kc2 b6 22. N2c4 Be6 23. Rad1 Rh5 24. Rd2 Bxc4 25. Nxc4 Rxd2+ 26. Kxd2 Ke6 27.
Re4 Nxe5 28. Nxe5 Rxe5 29. Rxh4 a5 30. a4 Kd6 31. Rf4 f6 32. h4 Kd5 33. Rg4 g5
34. h5 Re7 35. Rg3 Rh7 36. Rh3 g4 37. Rh4 f5 38. Ke3 Ke5 39. g3 Rh6 40. c4 f4+
41. gxf4+ Kf5 42. Rh1 Re6+ 43. Kf2 Kxf4 44. h6 g3+ 45. Kg2 Re2+ 46. Kh3 g2 47.
Rg1 Re6 48. h7 Rh6+ 49. Kxg2 Rxh7 50. Re1 Rd7 51. Re2 Rd3 52. Kf2 Rb3 53. Ke1
Rb4 54. Kd2 Rxa4 55. Kc3 Rb4 56. Re8 a4 57. Re7 Rb3+ 58. Kc2 Kf5 59. Re8 Kf6 60.
Ra8 Rb4 61. Kc3 Ke6 62. Rd8 Ke7 63. Rh8 Kd7 64. Rh7+ Kc6 65. Rh6+ Kb7 66. Rh7+
Ka6 67. Rh8 Rb3+ 68. Kc2 Ka5 69. Ra8+ Kb4 70. Ra6 Kxc4 71. Rxa4+ Rb4 72. Ra8 Kb5
73. b3 Rh4 74. Kc3 Rh3+ 75. Kb2 Rh2+ 76. Kc3 Rh3+ 77. Kb2 c4 78. bxc4+ Kxc4 79.
Rc8+ Kb4 80. Rc2 b5 81. Rg2 Ka4 82. Rg4+ b4 83. Rg2 Rb3+ 84. Ka2 Rc3 85. Kb2 Rh3
86. Ka2 Ra3+ 87. Kb2 Rb3+ 88. Ka2 Ra3+ 89. Kb2 Rb3+ 1/2-1/2

[Event "Titled Tue 26th Aug Early"]
[Site "chess.com INT"]
[Date "2025.08.26"]
[Round "1"]
[White "Cupid, Kevin"]
[Black "Toman, Ondrej"]
[Result "1-0"]
[WhiteTitle "FM"]
[BlackTitle "FM"]
[WhiteElo "2178"]
[BlackElo "2311"]
[WhiteFideId "7700512"]
[BlackFideId "344516"]
[EventDate "2025.08.26"]

1. Nf3 d5 2. g3 Nf6 3. Bg2 g6 4. O-O Bg7 5. c4 c6 6. Na3 O-O 7. Qc2 Bf5 8. d3
Na6 9. Bd2 Qb6 10. Be3 Qc7 11. Bf4 Qc8 12. Be5 Nc5 13. cxd5 cxd5 14. Rac1 Ncd7
15. Bc3 a6 16. Qd2 Qb8 17. Nd4 Rc8 18. Nxf5 gxf5 19. h3 e6 20. Nc2 b5 21. b3 Ne4
22. dxe4 Bxc3 23. Qg5+ Bg7 24. exf5 h6 25. Qh5 Qe5 26. Ne3 Nf6 27. Qf3 Qb2 28.
Rxc8+ Rxc8 29. fxe6 fxe6 30. Ng4 Rf8 31. Qe3 Nxg4 32. Qxe6+ Kh8 33. hxg4 d4 34.
Be4 d3 35. Bxd3 Qd4 36. Qg6 Kg8 37. e3 Qd8 38. Bf5 Rf6 39. Qh5 Qf8 40. Rd1 a5
41. Rd7 a4 42. Kg2 axb3 43. axb3 Qa8+ 44. e4 Qf8 45. e5 Rf7 46. e6 Re7 47. Qg6
Qa8+ 48. f3 Kf8 49. Rxe7 Kxe7 50. Qf7+ Kd6 51. Qxg7 Qa2+ 52. Kh3 Qf2 53. Qd7+
Kc5 54. Qd3 Kb4 55. g5 Qg1 56. Kg4 hxg5 57. Be4 Qb6 58. Qd5 Ka3 59. Kxg5 b4 60.
Kg4 Qa7 61. Qc4 Qg7+ 62. Kf4 Qf6+ 63. Ke3 Qg5+ 64. Kf2 Qd2+ 65. Qe2 Qd4+ 66. Kg2
Qg7 67. Bd3 Qxg3+ 68. Kxg3 Kxb3 69. Bc4+ Kc3 70. Qd3+ Kb2 71. Qb3+ Ka1 72. Qe3
b3 73. Bxb3 Kb2 74. Bc4 Ka1 75. Bd5 Kb2 76. e7 Kc2 77. e8=Q Kb2 78. Q8e5+ Kb1
79. Qe1+ Kc2 80. Q5c3# 1-0

[Event "Titled Tue 26th Aug Early"]
[Site "chess.com INT"]
[Date "2025.08.26"]
[Round "1"]
[White "Alazmi, Amani"]
[Black "Turgut, Hakan"]
[Result "0-1"]
[WhiteTitle "WCM"]
[BlackTitle "CM"]
[WhiteElo "1745"]
[BlackElo "2219"]
[WhiteFideId "10303553"]
[BlackFideId "26304740"]
[EventDate "2025.08.26"]

1. c4 Nf6 2. Nc3 b6 3. e4 e5 4. d3 Bc5 5. g3 h5 6. h3 Nc6 7. Bg2 h4 8. g4 d6 9.
Bg5 Ne7 10. Nf3 Ng6 11. Nd5 c6 12. Nxf6+ gxf6 13. Be3 Be6 14. Qd2 d5 15. Bxc5
bxc5 16. cxd5 cxd5 17. Qc3 Nf4 18. Bf1 Rc8 19. O-O-O Qb6 20. Kb1 d4 21. Qa3 Kf8
22. Nd2 Kg7 23. Rg1 Rb8 24. g5 f5 25. exf5 Bxf5 26. Ne4 c4 27. Nd6 Bxd3+ 28.
Bxd3 cxd3 29. Nf5+ Kg6 30. Ne7+ Kh7 31. g6+ fxg6 32. Rg4 Qf6 33. Rdg1 Rb7 34.
Nxg6 Nxg6 35. Rxg6 Qxg6 36. Rxg6 Kxg6 37. Qd6+ Kf5 38. Qd5 Rbb8 39. b3 Rhd8 40.
Qf3+ Ke6 41. Qxd3 Kd5 42. Qc4+ Ke4 43. Qe2+ Kd5 44. Qc4+ Kd6 45. Qa4 Rb7 46.
Qa6+ Rb6 47. Qc4 Rc6 48. Qe2 Ke6 49. Qg4+ Kd5 50. Qf3+ e4 51. Qf5+ Kd6 52. Qf6+
Kc7 53. Qe7+ Rd7 54. Qe5+ Kb7 55. Qb5+ Kc7 56. Qe5+ Rcd6 57. Qc5+ Kd8 58. Qg5+
Kc8 59. Qc5+ Kb8 60. Qb5+ Ka8 61. Qe5 d3 62. Qxe4+ Kb8 63. Qe8+ Kc7 64. Qe3 d2
65. Qc5+ Rc6 66. Qe5+ Kb7 67. Qb5+ Kc7 68. Qe5+ Rcd6 69. Qa5+ Kb8 70. Qc5 d1=Q+
71. Kb2 Qd2+ 72. Ka3 Qd4 73. Qb4+ Qxb4+ 74. Kxb4 Rd2 75. Ka3 Rxf2 76. b4 Rdd2
77. Ka4 Rxa2+ 78. Kb5 Rf5+ 79. Kc4 Rc2+ 80. Kb3 Rcf2 81. Ka4 a6 82. b5 Rxb5 83.
Ka3 Rf4 84. Ka2 Ra4# 0-1

[Event "Titled Tue 26th Aug Early"]
[Site "chess.com INT"]
[Date "2025.08.26"]
[Round "1"]
[White "Shearsby, Jude"]
[Black "Rustamov, Rustam"]
[Result "1/2-1/2"]
[WhiteTitle "CM"]
[BlackTitle "FM"]
[WhiteElo "2270"]
[BlackElo "2310"]
[WhiteFideId "462527"]
[BlackFideId "13440110"]
[EventDate "2025.08.26"]

1. e4 c5 2. Nf3 d6 3. c3 Nf6 4. h3 g6 5. Bd3 Bg7 6. Bc2 O-O 7. O-O e5 8. d4 cxd4
9. cxd4 exd4 10. Nxd4 Nc6 11. Nc3 d5 12. Nxc6 bxc6 13. Bg5 h6 14. Bxf6 Bxf6 15.
exd5 Rb8 16. dxc6 Qxd1 17. Nxd1 Be6 18. Be4 Bxb2 19. Nxb2 Rxb2 20. a4 Rc8 21.
Rfc1 Kf8 22. Rab1 Rxb1 23. Rxb1 Bf5 24. Bxf5 gxf5 25. Rb7 Rxc6 26. Rxa7 Kg7 27.
Kh2 f4 28. Rd7 Rc4 29. a5 Ra4 30. Rd5 Kg6 31. h4 h5 32. Rg5+ Kh6 33. Rb5 Kg6 34.
Rb6+ f6 35. Rb5 f3 36. gxf3 Rxh4+ 37. Kg3 Ra4 38. f4 Ra3+ 39. f3 Ra1 40. f5+ Kh6
41. Kf4 Ra4+ 42. Kg3 Kg5 43. Rb8 h4+ 44. Kh3 Ra3 45. Kg2 Rxa5 46. Rb4 Rxf5 47.
Rg4+ Kh5 48. Rd4 Rg5+ 49. Kh2 Rg3 50. Rf4 Kg5 51. Rc4 Rxf3 52. Rc5+ f5 53. Rc8
Kg4 54. Rg8+ Kf4 55. Rh8 h3 56. Ra8 Re3 57. Ra4+ Kf3 58. Kxh3 f4 59. Kh2 Rb3 60.
Ra2 Rb1 61. Ra3+ Kg4 62. Kg2 Rb2+ 63. Kf1 Rd2 64. Kg1 Kf5 65. Kf1 Ke4 66. Ke1
Rb2 67. Kf1 Rb4 68. Ke1 Rb2 69. Kf1 Rd2 70. Ke1 Rh2 71. Kf1 Rh8 72. Ke1 Kf5 73.
Kf1 Kg4 74. Kf2 Rh2+ 75. Kf1 Rb2 76. Kg1 Re2 77. Kf1 Rd2 78. Kg1 Rd8 79. Kf2 Rh8
80. Kg2 Rh7 81. Kf2 Rh2+ 82. Kf1 Rc2 83. Kg1 Kh4 84. Kf1 Rc4 85. Kf2 Kg4 86. Kf1
f3 87. Ra8 Rc1+ 88. Kf2 Rc2+ 89. Kf1 Rc1+ 90. Kf2 Rc2+ 91. Kf1 Rc1+ 1/2-1/2

[Event "Titled Tue 26th Aug Early"]
[Site "chess.com INT"]
[Date "2025.08.26"]
[Round "1"]
[White "Materia, Marco"]
[Black "Bodemar, Jonathan"]
[Result "1/2-1/2"]
[WhiteTitle "IM"]
[BlackTitle "CM"]
[WhiteElo "2500"]
[BlackElo "2154"]
[WhiteFideId "45150451"]
[BlackFideId "6205488"]
[EventDate "2025.08.26"]

1. Nf3 Nf6 2. b3 d5 3. Bb2 e6 4. g3 Be7 5. Bg2 O-O 6. O-O b6 7. d3 Bb7 8. Nbd2
Nbd7 9. e4 dxe4 10. Ng5 Qc8 11. Ngxe4 Nxe4 12. dxe4 Rd8 13. Qe2 Bf6 14. e5 Bxe5
15. Bxe5 Nxe5 16. Ne4 c5 17. Qh5 Ng6 18. Rfe1 h6 19. Rad1 Qc7 20. Rxd8+ Rxd8 21.
f4 Ne7 22. Qe2 Bxe4 23. Bxe4 Qd6 24. Kg2 Qd2 25. Kf3 Qxe2+ 26. Rxe2 Kf8 27. g4
Rd1 28. h4 Nc8 29. Bd3 Nd6 30. g5 Rh1 31. Kg3 Ke7 32. f5 hxg5 33. hxg5 Kd7 34.
fxe6+ fxe6 35. Rf2 Ke7 36. g6 b5 37. Kf4 c4 38. bxc4 bxc4 39. Be2 Rh6 40. Rg2
Kf6 41. Bf3 Rxg6 42. Rd2 Ke7 43. Rh2 Rf6+ 44. Ke3 Rh6 45. Rg2 Nf5+ 46. Kd2 Kf6
47. Be2 Rh4 48. Kc3 Nd6 49. Kb4 Rf4 50. Kc5 Ne4+ 51. Kxc4 Ng3+ 52. Kb5 Nxe2 53.
Rxe2 g5 54. c4 g4 55. c5 Rf1 56. c6 Rc1 57. Re4 Kf5 58. Rc4 Rxc4 59. Kxc4 g3 60.
c7 g2 61. c8=Q g1=Q 62. Qf8+ Ke5 63. Qb8+ Kf5 64. Qf8+ Ke5 65. Qh8+ Kf5 66. Qh7+
Qg6 67. Qxa7 Qg4+ 68. Kb5 Qe2+ 69. Kc6 Qc2+ 70. Kd7 Qd2+ 71. Ke8 e5 72. Qf7+ Ke4
73. a4 Qa5 74. Qc4+ Kf5 75. Kd7 e4 76. Kc6 Kf4 77. Qd4 Kf3 78. Qf6+ Ke3 79. Qa1
Kf3 80. Qf1+ Ke3 81. Qb5 Qxb5+ 82. axb5 Kf2 83. b6 e3 84. b7 e2 85. b8=Q e1=Q
86. Qf4+ Ke2 87. Qe4+ Kd1 88. Qd3+ Qd2 89. Qf3+ Qe2 90. Qd5+ Qd2 91. Qh1+ Qe1
92. Qh5+ Qe2 93. Qd5+ Qd2 94. Qf3+ Qe2 95. Qb3+ Qc2+ 96. Qxc2+ Kxc2 1/2-1/2

[Event "Titled Tue 26th Aug Early"]
[Site "chess.com INT"]
[Date "2025.08.26"]
[Round "1"]
[White "Atis, Hasan"]
[Black "Molina, Roberto Junio Brito"]
[Result "1-0"]
[WhiteTitle "CM"]
[BlackTitle "IM"]
[WhiteElo "2104"]
[BlackElo "2378"]
[WhiteFideId "44598017"]
[BlackFideId "2109450"]
[EventDate "2025.08.26"]

1. e4 c6 2. d4 d5 3. Nc3 dxe4 4. Nxe4 Nd7 5. Nf3 Ngf6 6. Ng3 e6 7. Bd3 c5 8. Be3
cxd4 9. Bxd4 Bc5 10. O-O Bxd4 11. Nxd4 Qb6 12. Nb3 a5 13. a4 O-O 14. Bb5 Ne5 15.
Qe2 Nc6 16. Rad1 Bd7 17. Ne4 Nxe4 18. Rxd7 Nf6 19. Rd2 Ne7 20. Rfd1 Ned5 21. c4
Nf4 22. Qe3 Qxe3 23. fxe3 Ng6 24. Rd6 Rfc8 25. Nd4 Ne5 26. b3 Ne4 27. Rb6 Nc5
28. Rb1 Ned3 29. Kf1 Rd8 30. Ke2 Nb4 31. Nf3 Rac8 32. Rd1 Rxd1 33. Kxd1 Rc7 34.
Ke2 Nxb3 35. Rd6 g6 36. Rd8+ Kg7 37. Nd4 Nc5 38. Ra8 b6 39. Rb8 Rb7 40. Rc8 Kf6
41. Nf3 g5 42. h3 h6 43. Rh8 Kg7 44. Rc8 Ne4 45. Ne5 Nd6 46. Rd8 Ne4 47. Rc8 Nc5
48. Nf3 f6 49. Nd4 h5 50. g4 hxg4 51. hxg4 Kg6 52. Be8+ Kg7 53. Bb5 Re7 54. Kf3
Kf7 55. Rb8 Rb7 56. Rc8 Ke7 57. Rh8 Kd6 58. Rd8+ Ke5 59. Bc6 Rc7 60. Bb5 f5 61.
gxf5 exf5 62. Re8+ Kf6 63. Rf8+ Rf7 64. Rxf7+ Kxf7 65. Nxf5 Kf6 66. Nd6 Nbd3 67.
Nc8 Ne5+ 68. Kg3 Ned7 69. Kg4 Ne5+ 70. Kg3 Ned7 71. Kg4 Ne5+ 72. Kh5 g4 73. Kh4
Ne4 74. Nxb6 g3 75. Kh3 Nf3 76. Kg2 Ne1+ 77. Kg1 Nd3 78. Nd5+ Ke5 79. Kg2 Ndc5
80. Nf4 Nd6 81. Kxg3 Ke4 82. Kf2 Nf5 83. Ng2 Kd3 84. Kf3 Kc3 85. e4 Nd4+ 86. Ke3
Nc2+ 87. Kf4 Kd4 88. e5 Nd3+ 89. Kf5 Nxe5 90. Nf4 Nd3 91. Nxd3 Kxd3 92. c5+ Kc3
93. c6 Nd4+ 94. Ke5 Nxc6+ 95. Bxc6 Kb4 96. Kd6 1-0

[Event "Titled Tue 26th Aug Early"]
[Site "chess.com INT"]
[Date "2025.08.26"]
[Round "1"]
[White "Jasinski, Alexander"]
[Black "Atanasov, Anthony"]
[Result "1/2-1/2"]
[BlackTitle "IM"]
[WhiteElo "2063"]
[BlackElo "2411"]
[WhiteFideId "55627994"]
[BlackFideId "2623897"]
[EventDate "2025.08.26"]

1. e4 e5 2. Nf3 Nf6 3. Nxe5 d6 4. Nf3 Nxe4 5. Nc3 Nxc3 6. dxc3 Be7 7. Bd3 Nd7 8.
Be3 O-O 9. Qd2 Nf6 10. O-O-O d5 11. h3 c6 12. g4 Ne4 13. Bxe4 dxe4 14. Qxd8 Bxd8
15. Nd2 f5 16. gxf5 Bxf5 17. Rdg1 Rf7 18. Nc4 Bc7 19. Bd4 Re8 20. Ne3 Be6 21.
Rg2 Bd6 22. Rhg1 Ree7 23. Ng4 Kf8 24. Kb1 c5 25. Be5 Bxe5 26. Nxe5 Bxa2+ 27.
Kxa2 Rxe5 28. Kb3 Rh5 29. Rg3 b5 30. Re3 Rxf2 31. Rxe4 Rxh3 32. Rge1 g6 33. Re8+
Kg7 34. R8e5 c4+ 35. Ka3 a6 36. Re6 Rf6 37. Re7+ Kh6 38. Ra7 Kg5 39. Kb4 h5 40.
b3 cxb3 41. cxb3 h4 42. c4 bxc4 43. bxc4 Rg3 44. c5 h3 45. Rh7 Rf2 46. c6 Rc2
47. c7 h2 48. Rxh2 Rxc7 49. Ra2 Rg4+ 50. Kb3 Rb7+ 51. Kc3 Rb6 52. Ra5+ Kf6 53.
Rf1+ Kg7 54. Re1 Rf6 55. Ree5 Rf3+ 56. Kd2 Rg2+ 57. Ke1 Rb3 58. Kf1 Rh2 59. Kg1
Rc2 60. Kf1 Rb1+ 61. Re1 Rxe1+ 62. Kxe1 Rc6 63. Kf2 Kh6 64. Kf3 g5 65. Kg3 Kh5
66. Kh3 Rc3+ 67. Kg2 Rc6 68. Kg3 Rd6 69. Kh3 Rb6 70. Kg3 Re6 71. Kh3 Kg6 72. Kg4
Re4+ 73. Kg3 Re6 74. Kg4 Kf6 75. Rf5+ Ke7 76. Rxg5 Kd6 77. Kf3 Kc6 78. Kf4 Kb6
79. Kf5 Re1 80. Rg2 a5 81. Rg8 a4 82. Rb8+ Kc5 83. Rc8+ Kb4 84. Rb8+ Kc3 85.
Rc8+ Kb3 86. Rb8+ Ka2 87. Kf4 a3 88. Kf3 Ka1 89. Kf2 Re7 90. Kf1 a2 91. Kf2 Re4
92. Kf1 Rc4 93. Ke2 Rc2+ 94. Kd3 Rb2 95. Rh8 Rb3+ 96. Kc2 Rb2+ 97. Kc1 Rb1+ 98.
Kc2 Rf1 99. Rh2 Re1 100. Rh8 Rg1 101. Rh7 Rb1 102. Rh8 Rb2+ 103. Kc1 Rf2 104.
Rh7 Rf8 105. Rc7 Rb8 106. Kc2 Rb2+ 107. Kc1 Rb5 108. Kc2 Rb6 109. Kc1 Rb8 110.
Kc2 Rb4 111. Kc1 Rb2 112. Rc8 Rf2 113. Rc7 Rf8 114. Rc6 Rf7 115. Rc8 Rf6 116.
Rc7 Rf8 117. Rc6 Rb8 118. Rc7 Rb2 119. Rc8 Rg2 120. Rc7 Rg1+ 121. Kc2 Rg7 122.
Rxg7 1/2-1/2

[Event "Titled Tue 26th Aug Early"]
[Site "chess.com INT"]
[Date "2025.08.26"]
[Round "2"]
[White "Mattenberger, Matthias"]
[Black "Pascolini, Nicolas"]
[Result "1-0"]
[WhiteTitle "FM"]
[WhiteElo "2236"]
[BlackElo "2191"]
[WhiteFideId "1339958"]
[BlackFideId "114367"]
[EventDate "2025.08.26"]

1. c4 e5 2. d3 f5 3. g3 Nf6 4. Bg2 Bc5 5. Nc3 Bb4 6. Bd2 Bxc3 7. Bxc3 d6 8. e3
O-O 9. Ne2 Qe8 10. Qc2 f4 11. gxf4 exf4 12. Nxf4 Ng4 13. O-O-O Nc6 14. h3 1-0

[Event "Titled Tue 26th Aug Early"]
[Site "chess.com INT"]
[Date "2025.08.26"]
[Round "2"]
[White "Tifferet, Shakked"]
[Black "Itkis, Boris"]
[Result "1-0"]
[WhiteTitle "FM"]
[BlackTitle "IM"]
[WhiteElo "2322"]
[BlackElo "2250"]
[WhiteFideId "2811529"]
[BlackFideId "1209167"]
[EventDate "2025.08.26"]

1. e4 e6 2. Nc3 d5 3. d4 Bb4 4. Qf3 dxe4 5. Qxe4 Nf6 6. Qd3 c5 7. Be3 cxd4 8.
Bxd4 Nc6 9. O-O-O Nxd4 10. Qc4 Bxc3 11. bxc3 Bd7 12. Qxd4 Rc8 13. Nf3 Qa5 14.
Ne5 Qxc3 15. Qxc3 Rxc3 16. Nxd7 Nxd7 17. Bb5 Rc7 18. Rxd7 Rxd7 19. Rd1 1-0

[Event "Titled Tue 26th Aug Early"]
[Site "chess.com INT"]
[Date "2025.08.26"]
[Round "2"]
[White "Kaufman, David"]
[Black "Atis, Hasan"]
[Result "1-0"]
[WhiteTitle "IM"]
[BlackTitle "CM"]
[WhiteElo "2447"]
[BlackElo "2104"]
[WhiteFideId "34220194"]
[BlackFideId "44598017"]
[EventDate "2025.08.26"]

1. d4 Nf6 2. c4 e6 3. Nf3 d5 4. g3 Be7 5. Bg2 O-O 6. O-O c6 7. Nc3 Nbd7 8. Qd3
b6 9. e4 dxe4 10. Nxe4 Nxe4 11. Qxe4 Bb7 12. Rd1 Nf6 13. Qe2 Qc8 14. Bf4 c5 15.
d5 Re8 16. Bh3 Bf8 17. dxe6 fxe6 18. Ng5 Qc6 19. Bxe6+ Kh8 20. Nf7+ Kg8 21. Nd8+
Rxe6 22. Qxe6+ Qxe6 23. Nxe6 Kf7 24. Nd8+ 1-0

[Event "Titled Tue 26th Aug Early"]
[Site "chess.com INT"]
[Date "2025.08.26"]
[Round "2"]
[White "Siva Kumar, Nirish Kumar"]
[Black "Nurgaliyev, Sauat"]
[Result "0-1"]
[WhiteTitle "FM"]
[BlackTitle "IM"]
[WhiteElo "2214"]
[BlackElo "2410"]
[WhiteFideId "35820802"]
[BlackFideId "13726285"]
[EventDate "2025.08.26"]

1. d4 d6 2. Bf4 Nd7 3. Nc3 e5 4. dxe5 dxe5 5. Bg3 Ngf6 6. e4 Bb4 7. f3 O-O 8. a3
Bxc3+ 9. bxc3 Qe7 10. Bd3 Nc5 11. Qd2 Rd8 12. Qe3 b6 13. Ne2 Ba6 14. c4 Rd7 15.
Nc3 Rad8 16. Nd5 Nxd5 17. exd5 Nxd3+ 18. cxd3 c6 19. O-O cxd5 20. Qxe5 Qxe5 21.
Bxe5 dxc4 22. dxc4 f6 23. Rfc1 fxe5 0-1

[Event "Titled Tue 26th Aug Early"]
[Site "chess.com INT"]
[Date "2025.08.26"]
[Round "2"]
[White "Keneshbekov, Elim"]
[Black "Cevizci, Yusuf Baran"]
[Result "1-0"]
[WhiteTitle "CM"]
[BlackTitle "CM"]
[WhiteElo "1891"]
[BlackElo "2094"]
[WhiteFideId "13816772"]
[BlackFideId "34565400"]
[EventDate "2025.08.26"]

1. e4 e6 2. Nf3 d5 3. e5 c5 4. b4 cxb4 5. a3 Nc6 6. axb4 Bxb4 7. c3 Ba5 8. d4
Nge7 9. Bd3 Nf5 10. Ba3 Nfxd4 11. Nxd4 Nxd4 12. Qg4 Nb3 13. Qxg7 Nxa1 14. Qxh8+
Kd7 15. Qxh7 a6 16. Qxf7+ Kc6 17. O-O b5 18. Nd2 Bxc3 19. Rc1 d4 20. Be4+ Kb6
21. Bxa8 Bxd2 22. Bc5+ Ka5 23. Rxa1# 1-0